[Event "III Open Grand Paradis B"]
[Site "Arvier ITA"]
[Date "2016.07.24"]
[Round "1"]
[White "Buffoni, Luca"]
[Black "Ghiotto, Marco Luigi"]
[WhiteElo "1740"]
[BlackElo "1531"]
[Result "0-1"]
[PlyCount "38"]
[EventDate "2016.07.24"]

1. e4 e5 2. Nf3 Nc6 3. Bb5 a6 4. Bxc6 dxc6 5. O-O Qd6 6. d4 exd4 7. e5 Qg6 8.
Qxd4 Be7 9. Na3 Bh3 10. Ne1 Rd8 11. Qe3 Bf5 12. Bd2 h5 13. f4 Nh6 14. b4 Be6
15. Nf3 Nf5 16. Qe2 O-O 17. c4 Nd4 18. Nxd4 Rxd4 19. Nc2 Qxc2 0-1

[Event "III Open Grand Paradis B"]
[Site "Arvier ITA"]
[Date "2016.07.24"]
[Round "1"]
[White "Coqueraut, Lodewyk"]
[Black "Vinciguerra, Riccardo"]
[WhiteElo "1683"]
[BlackElo "1511"]
[Result "1-0"]
[PlyCount "79"]
[EventDate "2016.07.24"]

1. d4 d5 2. c4 c6 3. e3 Bf5 4. Nc3 dxc4 5. Bxc4 e6 6. Nf3 Nd7 7. O-O Ngf6 8.
Re1 Bb4 9. Bd2 O-O 10. a3 Ba5 11. b4 Bc7 12. e4 Bg4 13. Be3 a6 14. Be2 Rc8 15.
Qd2 Bb8 16. e5 Qc7 17. h3 Bxf3 18. Bxf3 Nd5 19. Nxd5 exd5 20. Bg4 Rcd8 21. f4
Nb6 22. Qc2 Nc4 23. Bf2 Qe7 24. Bf5 g6 25. Bd3 Nb6 26. Qe2 Rfe8 27. Qg4 f5 28.
Bxf5 Qf7 29. Bd3 Rf8 30. f5 Nc8 31. Bh4 Qd7 32. fxg6 Qxg4 33. gxh7+ Kh8 34.
hxg4 Rd7 35. Bf6+ Rg7 36. g5 Ne7 37. Rf1 Ba7 38. Rf4 Bb6 39. Raf1 Rxf6 40. gxf6
1-0

[Event "III Open Grand Paradis B"]
[Site "Arvier ITA"]
[Date "2016.07.24"]
[Round "1"]
[White "Dovano, Jacopo"]
[Black "Bogatto, Mario"]
[WhiteElo "1658"]
[BlackElo "1424"]
[Result "1-0"]
[PlyCount "53"]
[EventDate "2016.07.24"]

1. e4 d6 2. d4 Nf6 3. Nc3 c6 4. f4 Bg4 5. Nf3 Nbd7 6. e5 dxe5 7. fxe5 Nd5 8.
Nxd5 cxd5 9. Bd3 e6 10. O-O Be7 11. Qe1 Bxf3 12. Rxf3 O-O 13. Rh3 g6 14. Qe3 f5
15. exf6 Nxf6 16. Qxe6+ Kg7 17. Bh6+ Kh8 18. Bxf8 Qxf8 19. Bxg6 Kg7 20. Bxh7
Nxh7 21. Qh6+ Kf7 22. Qxh7+ Ke6 23. Re1+ Kd7 24. Rhe3 Re8 25. Rxe7+ Rxe7 26.
Rxe7+ Kc8 27. Rc7+ 1-0

[Event "III Open Grand Paradis B"]
[Site "Arvier ITA"]
[Date "2016.07.24"]
[Round "1"]
[White "Giachino, Claudio R"]
[Black "Debernardi, Marco"]
[WhiteElo "1524"]
[BlackElo "1693"]
[Result "0-1"]
[PlyCount "80"]
[EventDate "2016.07.24"]

1. Nf3 d5 2. g3 Bf5 3. Bg2 Nf6 4. d3 e6 5. O-O Be7 6. Re1 O-O 7. Nbd2 c5 8. Nh4
Bg4 9. f3 Bh5 10. g4 Bg6 11. Nxg6 fxg6 12. e4 Nc6 13. c3 Qb6 14. Nb3 Rad8 15.
Kh1 dxe4 16. fxe4 Ne5 17. g5 Rxd3 18. Qe2 Nfg4 19. Rf1 Rxf1+ 20. Bxf1 Rf3 21.
Bg2 Rf2 22. Qd1 Qd6 23. Qxd6 Bxd6 24. h3 Re2 25. hxg4 Re1+ 26. Kh2 Nd3+ 27. Kh3
c4 28. Bd2 Re2 29. Nd4 Rxd2 30. b4 Nf4+ 31. Kg3 Rxg2+ 32. Kf3 Rd2 33. Re1 Rd3+
34. Kf2 Nh3+ 35. Ke2 Nxg5 36. Rf1 Nxe4 37. Re1 Nxc3+ 38. Kf2 Rxd4 39. Rxe6 Kf7
40. Re3 Nd1+ 0-1

[Event "III Open Grand Paradis B"]
[Site "Arvier ITA"]
[Date "2016.07.24"]
[Round "1"]
[White "Gola, Giorgio"]
[Black "Silano, Pierluigi"]
[WhiteElo "1271"]
[BlackElo "1584"]
[Result "0-1"]
[PlyCount "54"]
[EventDate "2016.07.24"]

1. e4 c5 2. Nf3 Nc6 3. d4 cxd4 4. Nxd4 e5 5. Nb5 d6 6. N1c3 a6 7. Na3 Nf6 8.
Bg5 Be7 9. Be2 b5 10. Nd5 Nxd5 11. exd5 Nd4 12. Bxe7 Qxe7 13. c4 Nxe2 14. Qxe2
b4 15. Nc2 a5 16. b3 O-O 17. O-O f5 18. f3 f4 19. Nd4 Qa7 20. c5 Qxc5 21. Rfd1
exd4 22. Rac1 d3+ 23. Qf2 Qxd5 24. Rc4 Ba6 25. Rd4 Qc5 26. Kh1 Rae8 27. Rd2
Re1+ 0-1

[Event "III Open Grand Paradis B"]
[Site "Arvier ITA"]
[Date "2016.07.24"]
[Round "1"]
[White "Lyabel, Giacomo"]
[Black "Benenati, Gianfranco"]
[WhiteElo "1575"]
[BlackElo "1817"]
[Result "1/2-1/2"]
[PlyCount "107"]
[EventDate "2016.07.24"]

1. d4 Nf6 2. c4 g6 3. Nc3 Bg7 4. Nf3 d6 5. e3 O-O 6. Bd3 Nc6 7. O-O Bg4 8. h3
Bd7 9. b3 Nb4 10. Bb1 c5 11. Bb2 cxd4 12. Nxd4 Nc6 13. Nce2 Qc7 14. e4 Nxd4 15.
Bxd4 Be6 16. Nc3 a6 17. Bd3 Rfd8 18. Nd5 Bxd5 19. cxd5 e5 20. Be3 h6 21. Qd2
Kh7 22. Rfc1 Qe7 23. Rc2 Rdc8 24. Rac1 Rxc2 25. Rxc2 Ne8 26. Bb6 Qd7 27. Qc1
Bf6 28. Rc3 Bd8 29. Bxd8 Qxd8 30. a3 b5 31. b4 Rb8 32. Qd2 Rc8 33. Qc2 Rxc3 34.
Qxc3 Qc7 35. Qxc7 Nxc7 36. Kf1 Kg7 37. Ke2 Kf6 38. Ke3 Ke7 39. f3 g5 40. g3 f6
41. Be2 Kd8 42. Kd2 Kc8 43. Kc3 Kb7 44. Kb3 Kb6 45. a4 bxa4+ 46. Kxa4 Ne8 47.
Kb3 Ng7 48. g4 h5 49. Bd3 hxg4 50. hxg4 Ne8 51. Ka4 Nc7 52. Be2 Na8 53. Bd3 Nc7
54. Be2 1/2-1/2

[Event "III Open Grand Paradis B"]
[Site "Arvier ITA"]
[Date "2016.07.24"]
[Round "1"]
[White "Piazza, Giacomo"]
[Black "Cappelletto, Joshuaede"]
[WhiteElo "1504"]
[BlackElo "1680"]
[Result "0-1"]
[PlyCount "68"]
[EventDate "2016.07.24"]

1. Nf3 Nf6 2. e3 g6 3. b3 Bg7 4. Bb2 d6 5. Be2 O-O 6. O-O e5 7. d3 Re8 8. Nbd2
c5 9. Re1 Nd5 10. e4 Nf4 11. Nf1 Nd7 12. Ng3 Qb6 13. Bf1 Nf6 14. h3 Be6 15. a4
Rad8 16. Qc1 Bh6 17. Qb1 Bc8 18. a5 Qc7 19. d4 Nd7 20. dxe5 Nxe5 21. b4 Nxh3+
22. gxh3 Nxf3+ 23. Kg2 Nxe1+ 24. Qxe1 Bg7 25. Bxg7 Kxg7 26. Bd3 d5 27. f3 Qd7
28. Nf5+ gxf5 29. Qg3+ Kh8 30. Qf4 Rg8+ 31. Kf2 dxe4 32. Qe5+ Rg7 33. Rg1 Qd4+
34. Qxd4 Rxd4 0-1

[Event "III Open Grand Paradis B"]
[Site "Arvier ITA"]
[Date "2016.07.25"]
[Round "2"]
[White "Benenati, Gianfranco"]
[Black "Buffoni, Luca"]
[WhiteElo "1817"]
[BlackElo "1740"]
[Result "1-0"]
[PlyCount "119"]
[EventDate "2016.07.24"]

1. e4 e5 2. Nf3 Nf6 3. d3 d5 4. exd5 Qxd5 5. Nc3 Bb4 6. Bd2 Bxc3 7. Bxc3 Nc6 8.
Be2 Bf5 9. O-O O-O 10. Nh4 Be6 11. f4 Nd4 12. fxe5 Qxe5 13. Rf2 Nd5 14. Nf3
Nxc3 15. Nxe5 Nxd1 16. Bxd1 f6 17. Ng4 Rae8 18. c3 Nf5 19. Rf4 h5 20. Nf2 g5
21. Rb4 c5 22. Re4 g4 23. Ba4 Re7 24. Rae1 Kf7 25. a3 Bd5 26. Rxe7+ Nxe7 27.
Ne4 Bxe4 28. Rxe4 Rd8 29. Bb3+ Kf8 30. d4 cxd4 31. cxd4 Nd5 32. Kf2 Kg7 33.
Bxd5 Rxd5 34. Ke3 Kf7 35. Rf4 f5 36. Kd3 b5 37. Rf2 Ke6 38. Rc2 Rd7 39. Rc6+
Rd6 40. Rc8 Kf6 41. g3 a6 42. Rh8 Kg6 43. Re8 Kf7 44. Re5 Kf6 45. Ke3 Rc6 46.
Rc5 Re6+ 47. Kd3 Kg5 48. d5 Re1 49. Kd2 Rh1 50. d6 Rxh2+ 51. Kc3 Kf6 52. Rd5
Ke6 53. d7 Kxd5 54. d8=Q+ Ke5 55. Kd3 Rh3 56. Qd4+ Ke6 57. Qf4 h4 58. Kd4 hxg3
59. Qe5+ Kd7 60. Qxf5+ 1-0

[Event "III Open Grand Paradis B"]
[Site "Arvier ITA"]
[Date "2016.07.25"]
[Round "2"]
[White "Bogatto, Mario"]
[Black "Piazza, Giacomo"]
[WhiteElo "1424"]
[BlackElo "1504"]
[Result "1-0"]
[PlyCount "51"]
[EventDate "2016.07.24"]

1. e4 d5 2. exd5 Nf6 3. c4 c6 4. dxc6 Nxc6 5. Nc3 Bf5 6. d3 e6 7. a3 Be7 8. h3
h6 9. Nf3 O-O 10. Be2 e5 11. O-O Qc7 12. Be3 a6 13. Qd2 Nd4 14. Nxd4 exd4 15.
Bxd4 Nh7 16. Be3 Bg5 17. f4 Bh4 18. Bf2 Bd8 19. Nd5 Qd6 20. Bf3 Qg6 21. Be4
Bxe4 22. dxe4 Qxe4 23. Rae1 Qxc4 24. Rc1 Qb5 25. Rfe1 Qd7 26. Ne7+ 1-0

[Event "III Open Grand Paradis B"]
[Site "Arvier ITA"]
[Date "2016.07.25"]
[Round "2"]
[White "Cappelletto, Joshuaede"]
[Black "Ghiotto, Marco Luigi"]
[WhiteElo "1680"]
[BlackElo "1531"]
[Result "1/2-1/2"]
[PlyCount "39"]
[EventDate "2016.07.24"]

1. e4 e5 2. Nf3 Nc6 3. Bc4 Bc5 4. b4 Bxb4 5. c3 Ba5 6. d4 exd4 7. Qb3 Qe7 8.
O-O d6 9. cxd4 Bb6 10. Bb2 Bd7 11. Qc2 Nf6 12. e5 dxe5 13. Ba3 Nb4 14. Qb3 a5
15. Nc3 e4 16. Ne5 O-O 17. Rad1 Rad8 18. Nxd7 Rxd7 19. d5 e3 20. d6 1/2-1/2

[Event "III Open Grand Paradis B"]
[Site "Arvier ITA"]
[Date "2016.07.25"]
[Round "2"]
[White "Debernardi, Marco"]
[Black "Dovano, Jacopo"]
[WhiteElo "1693"]
[BlackElo "1658"]
[Result "0-1"]
[PlyCount "62"]
[EventDate "2016.07.24"]

1. e4 c5 2. c3 d5 3. exd5 Qxd5 4. d4 Nc6 5. Nf3 Bg4 6. Be2 e6 7. O-O Nf6 8. Be3
cxd4 9. cxd4 Qd7 10. Nc3 Bd6 11. h3 Bh5 12. Rc1 O-O 13. Bg5 Nd5 14. Nxd5 exd5
15. Kh1 f6 16. Be3 Rac8 17. a3 Bf7 18. Qd2 Rfe8 19. Rfe1 Be6 20. Bf4 Be7 21.
Bb5 Bd8 22. Re2 Bb6 23. Rce1 Kf7 24. g4 h5 25. g5 Bxh3 26. gxf6 Qg4 27. Nh4
Qxh4 28. fxg7 Bg4+ 29. Kg1 Bxe2 30. Rxe2 Rxe2 31. Bxe2 Nxd4 0-1

[Event "III Open Grand Paradis B"]
[Site "Arvier ITA"]
[Date "2016.07.25"]
[Round "2"]
[White "Giachino, Claudio R"]
[Black "Lyabel, Giacomo"]
[WhiteElo "1524"]
[BlackElo "1575"]
[Result "0-1"]
[PlyCount "93"]
[EventDate "2016.07.24"]

1. e4 c5 2. Nf3 d6 3. g3 Nf6 4. d3 Nc6 5. Bg2 g6 6. O-O Bg7 7. Nc3 O-O 8. Bf4
Nd7 9. Qd2 Re8 10. Rfe1 a6 11. Bh6 Bh8 12. h4 Nde5 13. Rab1 Rb8 14. Nd5 b5 15.
Nxe5 Nxe5 16. f4 Ng4 17. f5 Bd4+ 18. Kf1 Nxh6 19. Qxh6 Bg7 20. Qf4 Qd7 21. g4
Be5 22. Qg5 e6 23. Ne3 Qe7 24. Qh6 Qf8 25. Qg5 Qe7 26. Qh6 Bg3 27. h5 Bxe1 28.
hxg6 fxg6 29. fxg6 Bd2 30. Ke2 Bxe3 31. Kxe3 Qg7 32. gxh7+ Kh8 33. Qf4 Qe5 34.
Qf7 Bb7 35. Rf1 Qg5+ 36. Ke2 Qg7 37. Qh5 Rf8 38. Rg1 Qf7 39. Qh4 Qf6 40. g5 Qf4
41. Qxf4 Rxf4 42. g6 Kg7 43. Bh3 Rf6 44. Rh1 Rbf8 45. c3 Rxg6 46. d4 Bxe4 47.
dxc5 0-1

[Event "III Open Grand Paradis B"]
[Site "Arvier ITA"]
[Date "2016.07.25"]
[Round "2"]
[White "Silano, Pierluigi"]
[Black "Coqueraut, Lodewyk"]
[WhiteElo "1584"]
[BlackElo "1683"]
[Result "1/2-1/2"]
[PlyCount "105"]
[EventDate "2016.07.24"]

1. e4 c5 2. Nf3 d6 3. d4 cxd4 4. Nxd4 Nf6 5. Nc3 g6 6. Be3 Bg7 7. f3 Nc6 8. Qd2
h5 9. O-O-O Bd7 10. Be2 a6 11. h3 Qc7 12. g4 hxg4 13. hxg4 Rxh1 14. Rxh1 Nxd4
15. Bxd4 e5 16. Be3 Be6 17. Kb1 b5 18. Bh6 Bh8 19. Bf8 Kxf8 20. Rxh8+ Ng8 21.
Qh6+ Ke7 22. Qg5+ Kd7 23. Rh1 Rc8 24. Qd2 Qa5 25. Rd1 Rc6 26. Nd5 Qd8 27. Nb4
Rb6 28. Nxa6 Ke7 29. Nc5 Bxa2+ 30. Kxa2 Qa8+ 31. Kb1 dxc5 32. Qd7+ Kf8 33. Bxb5
Qb8 34. Qd8+ Qxd8 35. Rxd8+ Kg7 36. Bc4 Rf6 37. Be2 Ne7 38. c3 Rb6 39. Kc2 g5
40. Bc4 Rf6 41. Rd7 Kf8 42. Be2 Ng6 43. Kd3 Nf4+ 44. Ke3 Nxe2 45. Kxe2 Rb6 46.
Rd2 Ke7 47. Ke3 c4 48. Kf2 Ke6 49. Ke3 Rb3 50. Rh2 f6 51. Rd2 Rb7 52. Kf2 Rh7
53. Kg3 1/2-1/2

[Event "III Open Grand Paradis B"]
[Site "Arvier ITA"]
[Date "2016.07.25"]
[Round "2"]
[White "Vinciguerra, Riccardo"]
[Black "Gola, Giorgio"]
[WhiteElo "1511"]
[BlackElo "1271"]
[Result "1/2-1/2"]
[PlyCount "169"]
[EventDate "2016.07.24"]

1. d4 e6 2. Bf4 d5 3. e3 Nf6 4. Bd3 c5 5. c3 Nc6 6. Nd2 c4 7. Bc2 Bd6 8. Bg3
O-O 9. Ngf3 Nh5 10. Bh4 Qc7 11. e4 Nf4 12. O-O Ng6 13. e5 Nxh4 14. Nxh4 Be7 15.
Ndf3 Qd8 16. g3 f6 17. Ng2 f5 18. Nf4 Bd7 19. h4 h6 20. Ng6 Rf7 21. Nxe7+ Qxe7
22. Qd2 Raf8 23. Qf4 b5 24. a3 a5 25. h5 b4 26. axb4 axb4 27. Nh4 Qg5 28. Qxg5
hxg5 29. Ng6 Rb8 30. Ba4 bxc3 31. bxc3 Nd8 32. Bc2 Nc6 33. Rfb1 Rxb1+ 34. Rxb1
Kh7 35. f4 gxf4 36. gxf4 Kh6 37. Bd1 Ne7 38. Nxe7 Rxe7 39. Rb7 Rf7 40. Kf2 Be8
41. Rb6 Re7 42. Rb8 Kh7 43. Rb6 g6 44. hxg6+ Kxg6 45. Ra6 Kh6 46. Kg3 Bf7 47.
Kh4 Rb7 48. Ra3 Rb1 49. Ba4 Rh1+ 50. Kg3 Rg1+ 51. Kf2 Rg6 52. Kf3 Kh5 53. Ra1
Rg4 54. Bd7 Kg6 55. Ra6 Kg7 56. Ra7 Kh6 57. Ra8 Kh7 58. Ra2 Kg7 59. Rg2 Rxg2
60. Kxg2 Kg6 61. Kg3 Kh5 62. Kh3 Kg6 63. Kh4 Kh6 64. Ba4 Bh5 65. Bc2 Bg4 66.
Ba4 Bh5 67. Bc6 Bf7 68. Bd7 Kg6 69. Ba4 Kh6 70. Bd1 Bg6 71. Bc2 Bf7 72. Bd1 Bg6
73. Kg3 Bh5 74. Ba4 Bf7 75. Kh4 Bg6 76. Bb5 Bf7 77. Bc6 Bg6 78. Bb7 Be8 79. Bc8
Bf7 80. Bd7 Kg6 81. Bc6 Kh6 82. Bd7 Kg6 83. Ba4 Kh6 84. Bd1 Bg6 85. Ba4 1/2-1/2

[Event "III Open Grand Paradis B"]
[Site "Arvier ITA"]
[Date "2016.07.26"]
[Round "3"]
[White "Buffoni, Luca"]
[Black "Giachino, Claudio R"]
[WhiteElo "1740"]
[BlackElo "1524"]
[Result "1-0"]
[PlyCount "93"]
[EventDate "2016.07.24"]

1. e4 d6 2. d4 g6 3. Nf3 Bg7 4. Bd3 Nf6 5. O-O O-O 6. Nc3 Nc6 7. h3 e5 8. dxe5
dxe5 9. Bg5 Be6 10. Bb5 Nd4 11. Nxe5 Nxb5 12. Qxd8 Rfxd8 13. Nxb5 c6 14. Nc7
Rac8 15. Nxe6 fxe6 16. Nd3 Rd4 17. Bxf6 Bxf6 18. e5 Bg7 19. f4 c5 20. Rad1 Rcd8
21. Nf2 Rxd1 22. Rxd1 Rxd1+ 23. Nxd1 Bh6 24. g3 g5 25. fxg5 Bxg5 26. Nf2 Bc1
27. b3 Bb2 28. Nd3 Bd4+ 29. Kg2 Kg7 30. Kf3 Kg6 31. Kf4 b6 32. g4 Bc3 33. h4
Bd2+ 34. Ke4 Bc3 35. Nf4+ Kf7 36. g5 Be1 37. h5 Bh4 38. g6+ hxg6 39. hxg6+ Ke7
40. g7 Kf7 41. Nxe6 Be7 42. c4 Bh4 43. Kd5 Be7 44. Kc6 Bh4 45. Kd7 Bg3 46. Nd8+
Kxg7 47. e6 1-0

[Event "III Open Grand Paradis B"]
[Site "Arvier ITA"]
[Date "2016.07.26"]
[Round "3"]
[White "Coqueraut, Lodewyk"]
[Black "Cappelletto, Joshuaede"]
[WhiteElo "1683"]
[BlackElo "1680"]
[Result "0-1"]
[PlyCount "96"]
[EventDate "2016.07.24"]

1. d4 Nf6 2. g3 c5 3. dxc5 e6 4. Bg2 Bxc5 5. c3 d5 6. e3 O-O 7. Nf3 Nc6 8. O-O
Bd7 9. Nbd2 Rc8 10. Nb3 Bd6 11. Nbd4 e5 12. Nxc6 Bxc6 13. Qe2 Qb6 14. a4 Qa5
15. b4 Qc7 16. Bd2 Rfe8 17. Rfc1 a6 18. Nh4 Qd7 19. Qf1 Bxa4 20. Bh3 Ng4 21. f3
f5 22. fxg4 fxg4 23. Bg2 e4 24. Qf5 Rf8 25. Qxd7 Bxd7 26. Rf1 g5 27. Ra5 Bb5
28. Rxf8+ Rxf8 29. Rxb5 axb5 30. Bf1 Rxf1+ 31. Kxf1 gxh4 32. gxh4 Bxh2 33. Kg2
Be5 34. Be1 Kf7 35. Kf2 Kg6 36. Kg1 Kh5 37. Kg2 Bf6 38. Kh2 Bxh4 39. Bd2 Bf6
40. Kg2 Be5 41. Be1 Kg5 42. Kf2 g3+ 43. Kg2 Kg4 44. Bd2 h5 45. Be1 h4 46. Bd2
h3+ 47. Kg1 Kf3 48. Kh1 g2+ 0-1

[Event "III Open Grand Paradis B"]
[Site "Arvier ITA"]
[Date "2016.07.26"]
[Round "3"]
[White "Dovano, Jacopo"]
[Black "Benenati, Gianfranco"]
[WhiteElo "1658"]
[BlackElo "1817"]
[Result "1-0"]
[PlyCount "87"]
[EventDate "2016.07.24"]

1. e4 e5 2. Nf3 Nc6 3. Bc4 Bc5 4. O-O Nf6 5. d3 d6 6. c3 O-O 7. a4 Bg4 8. b4 d5
9. exd5 Nxd5 10. bxc5 Nf4 11. Bxf4 exf4 12. d4 Qf6 13. Nbd2 Kh8 14. Re1 Qg6 15.
Qb1 f5 16. Qxb7 Na5 17. Qd5 Rad8 18. Qe6 Rf6 19. Qe7 Rdf8 20. Ne5 Qh5 21. Bf7
R6xf7 22. Nxf7+ Kg8 23. Nd8 Qg6 24. Re6 Qh5 25. f3 Bxf3 26. gxf3 h6 27. Kh1 Nb3
28. Rg1 g5 29. Rxh6 Qxh6 30. Qxg5+ Qxg5 31. Rxg5+ Kh7 32. Nxb3 Rxd8 33. Rxf5
Rb8 34. Nd2 Kg6 35. Rxf4 Kg5 36. Rf7 Rb2 37. Ne4+ Kg6 38. Rxc7 Kf5 39. Rxa7 Kf4
40. Rf7+ Ke3 41. c6 Ke2 42. c7 Ke1 43. Rg7 Kd1 44. Rg1+ 1-0

[Event "III Open Grand Paradis B"]
[Site "Arvier ITA"]
[Date "2016.07.26"]
[Round "3"]
[White "Ghiotto, Marco Luigi"]
[Black "Debernardi, Marco"]
[WhiteElo "1531"]
[BlackElo "1693"]
[Result "1-0"]
[PlyCount "93"]
[EventDate "2016.07.24"]

1. e4 c5 2. Nf3 Nc6 3. d4 cxd4 4. Nxd4 Nf6 5. Nc3 e5 6. Nb3 Bb4 7. f3 d5 8.
exd5 Nxd5 9. Bd2 Nxc3 10. Bxc3 Bxc3+ 11. bxc3 Qxd1+ 12. Rxd1 Ke7 13. Be2 Bf5
14. Bd3 Be6 15. O-O h6 16. Rd2 b6 17. c4 Rhd8 18. Rfd1 Rac8 19. c5 Nb4 20. cxb6
Nxd3 21. cxd3 axb6 22. d4 Bxb3 23. axb3 exd4 24. Rxd4 Rxd4 25. Rxd4 Rc6 26. Kf2
Ke6 27. g4 Ke5 28. Re4+ Kd5 29. h4 Rc2+ 30. Kg3 Rc7 31. Kf4 Kd6 32. g5 hxg5+
33. hxg5 b5 34. b4 Kd5 35. Re5+ Kc4 36. Re4+ Kb3 37. Kf5 Rc4 38. Re7 Kxb4 39.
Rxf7 Kc3 40. Rxg7 b4 41. Rb7 Rc5+ 42. Kf6 b3 43. g6 b2 44. g7 Rc8 45. Kf7 Kc2
46. g8=Q Rxg8 47. Kxg8 1-0

[Event "III Open Grand Paradis B"]
[Site "Arvier ITA"]
[Date "2016.07.26"]
[Round "3"]
[White "Gola, Giorgio"]
[Black "Bogatto, Mario"]
[WhiteElo "1271"]
[BlackElo "1424"]
[Result "1-0"]
[PlyCount "109"]
[EventDate "2016.07.24"]

1. e4 d6 2. d4 Nf6 3. Nc3 e6 4. f4 Be7 5. Nf3 a6 6. Bd3 Nc6 7. O-O b5 8. Be3
Rb8 9. a3 Na5 10. Nd2 Nb7 11. b4 c5 12. dxc5 dxc5 13. e5 Nd5 14. Nxd5 exd5 15.
bxc5 Bxc5 16. Qf3 Qb6 17. Bxc5 Qxc5+ 18. Kh1 Qc6 19. Nb3 Nd8 20. f5 O-O 21. f6
g6 22. Qf4 Ne6 23. Nd4 Nxf4 24. Nxc6 Nxd3 25. Nxb8 Nxe5 26. Rae1 Nc4 27. Rf3
Be6 28. Nxa6 Ra8 29. Nb4 Rc8 30. Rd3 Nb2 31. Rd4 Rd8 32. Nxd5 Kf8 33. Rb4 Bxd5
34. Rxb2 Bc4 35. g4 g5 36. Re5 h6 37. Rb4 Rd1+ 38. Kg2 Rd2+ 39. Kf3 Rxc2 40. h3
Rc3+ 41. Re3 Bd5+ 42. Kf2 Rc2+ 43. Re2 Rc5 44. a4 Bc6 45. Rd2 bxa4 46. Rd8+ Be8
47. Rxa4 Re5 48. Rad4 Re6 49. R8d6 Re5 50. Kf3 Re1 51. Re4 Rg1 52. Rd8 Rf1+ 53.
Kg2 Rxf6 54. Rexe8+ Kg7 55. Rg8+ 1-0

[Event "III Open Grand Paradis B"]
[Site "Arvier ITA"]
[Date "2016.07.26"]
[Round "3"]
[White "Lyabel, Giacomo"]
[Black "Silano, Pierluigi"]
[WhiteElo "1575"]
[BlackElo "1584"]
[Result "1/2-1/2"]
[PlyCount "58"]
[EventDate "2016.07.24"]

1. d4 d5 2. c4 c6 3. e3 Nf6 4. Nc3 dxc4 5. Bxc4 Bf5 6. Nf3 b5 7. Bd3 Bxd3 8.
Qxd3 e6 9. O-O Bb4 10. Nxb5 O-O 11. Nc3 c5 12. Rd1 cxd4 13. Nxd4 Qb6 14. a3
Bxc3 15. Qxc3 Rd8 16. Qc2 Nc6 17. Nxc6 Qxc6 18. Qe2 Rac8 19. Rxd8+ Rxd8 20. b4
Ne4 21. h3 h6 22. Kh2 Qd6+ 23. f4 Nc3 24. Qc2 Nd1 25. Ra2 e5 26. Qd2 Qc7 27.
Qc2 Qd6 28. Qd2 Qc7 29. Qc2 Qd6 1/2-1/2

[Event "III Open Grand Paradis B"]
[Site "Arvier ITA"]
[Date "2016.07.26"]
[Round "3"]
[White "Piazza, Giacomo"]
[Black "Vinciguerra, Riccardo"]
[WhiteElo "1504"]
[BlackElo "1511"]
[Result "1-0"]
[PlyCount "97"]
[EventDate "2016.07.24"]

1. e4 d5 2. exd5 Qxd5 3. Nc3 Qd6 4. d3 Nf6 5. g3 c6 6. Bg2 Bg4 7. f3 Bf5 8.
Nge2 e6 9. O-O Be7 10. Qe1 O-O 11. Bd2 Re8 12. Rd1 Bg6 13. Kh1 Qd8 14. Nf4 Bf5
15. Ne4 Nbd7 16. Bc3 Nd5 17. Bd2 N7f6 18. c4 Nxf4 19. Bxf4 Bg6 20. b4 Qd4 21.
c5 Rad8 22. Nd6 Bxd6 23. cxd6 Nd5 24. Be5 Qb6 25. d4 Rd7 26. a3 Qb5 27. g4 Qa4
28. Ra1 Qb3 29. Rf2 Ne3 30. Qc1 Qd5 31. Qxe3 a5 32. bxa5 Qxa5 33. h4 f6 34. Bg3
Bf7 35. Rc2 Qa4 36. Rb2 Qa5 37. Rc1 e5 38. dxe5 fxe5 39. Rc5 Qa7 40. Qc3 Rxd6
41. Kh2 h6 42. Rxe5 Rxe5 43. Bxe5 Rd1 44. Rd2 Qg1+ 45. Kh3 Rc1 46. Rd8+ Kh7 47.
Qd3+ Bg6 48. Qd7 Rc2 49. Qxg7# 1-0

[Event "III Open Grand Paradis B"]
[Site "Arvier ITA"]
[Date "2016.07.27"]
[Round "4"]
[White "Cappelletto, Joshuaede"]
[Black "Lyabel, Giacomo"]
[WhiteElo "1680"]
[BlackElo "1575"]
[Result "0-1"]
[PlyCount "92"]
[EventDate "2016.07.24"]

1. e4 c5 2. Nc3 d6 3. f4 Nc6 4. Nf3 Nf6 5. Bc4 e6 6. O-O g6 7. Qe1 Bg7 8. d3
O-O 9. f5 exf5 10. Qh4 Nh5 11. Bg5 Bf6 12. g4 Bxg5 13. Qxg5 fxg4 14. Qxd8 Nxd8
15. Ng5 h6 16. Nxf7 Nxf7 17. Rxf7 Rxf7 18. Rf1 Bf5 19. exf5 Kg7 20. Bxf7 Kxf7
21. Nb5 d5 22. Nd6+ Kg7 23. fxg6 Nf6 24. b3 b6 25. Re1 Kxg6 26. Re7 Rd8 27. Nb5
Rd7 28. Rxd7 Nxd7 29. Nxa7 h5 30. Nc6 Kf6 31. Kf2 h4 32. Ke3 Kg5 33. Ne7 Nf6
34. Nc8 d4+ 35. Kf2 Nd7 36. a4 Kf4 37. Nd6 Ne5 38. Ne4 Nf3 39. Nf6 Nxh2 40.
Nd5+ Kg5 41. Nxb6 Nf3 42. Nc4 h3 43. Kg3 h2 44. Kg2 g3 45. a5 Ne1+ 46. Kh1 Kh4
0-1

[Event "III Open Grand Paradis B"]
[Site "Arvier ITA"]
[Date "2016.07.27"]
[Round "4"]
[White "Debernardi, Marco"]
[Black "Piazza, Giacomo"]
[WhiteElo "1693"]
[BlackElo "1504"]
[Result "1-0"]
[PlyCount "59"]
[EventDate "2016.07.24"]

1. e4 d5 2. exd5 Nf6 3. d4 Nxd5 4. Nf3 Bg4 5. Be2 e6 6. O-O Be7 7. c4 Nf6 8.
Nc3 O-O 9. Bf4 c6 10. Qb3 b6 11. Rad1 a5 12. a3 Nbd7 13. Qc2 Qc8 14. Rd2 Bf5
15. Qd1 Rd8 16. d5 Ne4 17. Nxe4 Bxe4 18. dxe6 fxe6 19. Re1 Bf5 20. Ne5 Ra7 21.
Bf3 Nxe5 22. Rxd8+ Bxd8 23. Bxe5 Rd7 24. Qa4 b5 25. cxb5 cxb5 26. Qxb5 Bd3 27.
Qc6 Ba6 28. Qxe6+ Rf7 29. Qe8+ Rf8 30. Bd5+ 1-0

[Event "III Open Grand Paradis B"]
[Site "Arvier ITA"]
[Date "2016.07.27"]
[Round "4"]
[White "Ghiotto, Marco Luigi"]
[Black "Dovano, Jacopo"]
[WhiteElo "1531"]
[BlackElo "1658"]
[Result "1/2-1/2"]
[PlyCount "98"]
[EventDate "2016.07.24"]

1. e4 c5 2. Nf3 d6 3. d4 cxd4 4. Nxd4 Nf6 5. Nc3 a6 6. Be2 e5 7. Nb3 Be6 8. Bg5
Be7 9. Bxf6 Bxf6 10. Nd5 Bxd5 11. Qxd5 Nc6 12. c3 O-O 13. Rd1 Be7 14. Bg4 Qc7
15. O-O Rfd8 16. g3 Bf6 17. Qd3 b5 18. a3 Rab8 19. Na1 a5 20. Nc2 b4 21. axb4
axb4 22. Ne3 Ne7 23. c4 Qc5 24. b3 Ra8 25. Nd5 Nxd5 26. Qxd5 Qxd5 27. Rxd5 Ra3
28. Rb1 Be7 29. Rb5 Kf8 30. Rxb4 d5 31. Rb5 dxc4 32. bxc4 Rc3 33. Rxe5 Rxc4 34.
Bf3 Rc5 35. Rd5 Rcxd5 36. exd5 Rd7 37. Kf1 Bd6 38. Ke2 Ke7 39. Kd3 Rc7 40. Be4
h6 41. f4 Bc5 42. Rc1 Kd6 43. h3 Ra7 44. g4 Ra3+ 45. Rc3 Rxc3+ 46. Kxc3 Be3 47.
f5 f6 48. Kc4 Bg1 49. Kb5 Bh2 1/2-1/2

[Event "III Open Grand Paradis B"]
[Site "Arvier ITA"]
[Date "2016.07.27"]
[Round "4"]
[White "Gola, Giorgio"]
[Black "Coqueraut, Lodewyk"]
[WhiteElo "1271"]
[BlackElo "1683"]
[Result "0-1"]
[PlyCount "30"]
[EventDate "2016.07.24"]

1. e4 e5 2. Nf3 Nc6 3. d4 exd4 4. Nxd4 Nf6 5. Nc3 Bb4 6. Nxc6 bxc6 7. Bd3 Qe7
8. O-O Bxc3 9. bxc3 d6 10. Bg5 Qe5 11. Qd2 h6 12. f4 Qc5+ 13. Kh1 hxg5 14. e5
Ng4 15. exd6 Rxh2# 0-1

[Event "III Open Grand Paradis B"]
[Site "Arvier ITA"]
[Date "2016.07.27"]
[Round "4"]
[White "Silano, Pierluigi"]
[Black "Benenati, Gianfranco"]
[WhiteElo "1584"]
[BlackElo "1817"]
[Result "1/2-1/2"]
[PlyCount "136"]
[EventDate "2016.07.24"]

1. e4 e5 2. Nf3 Nc6 3. Bb5 a6 4. Ba4 Nf6 5. O-O b5 6. Bb3 Be7 7. Re1 O-O 8. d3
d6 9. c3 Bg4 10. h3 Bh5 11. Nbd2 Na5 12. Bc2 c5 13. Nf1 Nc6 14. Ng3 Bg6 15. Nh4
Qb6 16. Nhf5 b4 17. Be3 Qc7 18. Qd2 bxc3 19. bxc3 Nh5 20. Nxe7+ Nxe7 21. Nxh5
Bxh5 22. Bb3 Kh8 23. Kh1 f5 24. f3 f4 25. Bf2 Qd7 26. d4 cxd4 27. cxd4 Bxf3 28.
Kh2 Bh5 29. dxe5 Rad8 30. e6 Qb5 31. Bh4 g5 32. Qd4+ Kg8 33. Bf2 f3 34. g4 Bg6
35. Bc4 Qe5+ 36. Qxe5 dxe5 37. Rad1 a5 38. Rd7 Rfe8 39. Kg3 Kf8 40. Kxf3 Rxd7
41. exd7 Rd8 42. Be6 Bf7 43. Bf5 Nxf5 44. exf5 Bd5+ 45. Kg3 e4 46. Bb6 Rxd7 47.
Bxa5 Kf7 48. a3 Kf6 49. Bc3+ Kf7 50. Re3 Bc6 51. Bb4 Kf6 52. Bc3+ Kf7 53. Kf2
Ra7 54. Bb4 Bd5 55. Rc3 Kf6 56. Ke3 h5 57. Rc5 Rd7 58. Bc3+ Kf7 59. Ra5 hxg4
60. hxg4 Bc6 61. Bd4 Rb7 62. Rc5 Rb3+ 63. Rc3 Rxc3+ 64. Bxc3 Kf8 65. Bf6 Kf7
66. Bxg5 Kg7 67. Bf4 Kf6 68. g5+ Kxf5 1/2-1/2